Państwa z literą Z - Statystyki

Ogólne statystyki
  • Ten quiz został rozwiązany 4 038 razy
    4 009 od ostatniego zresetowania
  • Średni wynik to 20 z 31
Statystyki odpowiedzi
Państwo % Poprawnych
Zambia
93%
Zimbabwe
91%
Szwecja
83%
Nowa Zelandia
79%
Czechy
76%
Szwajcaria
76%
Zjednoczone Emiraty Arabskie
76%
Stany Zjednoczone
74%
Hiszpania
73%
Brazylia
69%
Kazachstan
68%
Azerbejdżan
63%
Czarnogóra
62%
Czad
61%
Indonezja
61%
Izrael
61%
Wenezuela
60%
Uzbekistan
59%
Tanzania
58%
Gruzja
57%
Malezja
56%
Republika Zielonego Przylądka
55%
Mozambik
53%
Tunezja
53%
Belize
52%
Seszele
51%
Demokratyczna Republika Konga
49%
Bangladesz
48%
Mikronezja
48%
Wyspy Świętego Tomasza i Książęca
45%
Wybrzeże Kości Słoniowej
44%
Nie znaleziono quizów pasujących do podanych kryteriów
Rozkład punktacji
Procent ludzi z każdym wynikiem
Percentyl według liczby udzielonych odpowiedzi
Twoja historia wyników
Nie rozwiązałeś tego quizu od ostatniego zresetowania